| 000 | 01149cam a2200313 a 4500 | ||
|---|---|---|---|
| 001 | 12433995 | ||
| 003 | NUST | ||
| 005 | 20210727125326.0 | ||
| 008 | 010607s2001 nyu 000 1 eng | ||
| 010 | _a 2001041643 | ||
| 020 |
_a9780515133974 _cRs. 436 |
||
| 038 | _aArshad | ||
| 040 |
_aDLC _cDLC _dDLC |
||
| 043 | _an-us-la | ||
| 050 | 0 | 0 |
_aPS3568.O243 _bM536 2001 |
| 082 | 0 | 0 |
_a823 _bROB |
| 100 | 1 |
_aRoberts, Nora. _94521 |
|
| 245 | 0 | 0 |
_aMidnight Bayou / _cNora Roberts. |
| 260 |
_aNew York : _bG.P. Putnam's Sons, _c2001. |
||
| 300 |
_a352 p. ; _c24 cm. |
||
| 563 | _aPaperback. | ||
| 650 | 0 |
_aHome ownership _vFiction. _95596 |
|
| 651 | 0 |
_aNew Orleans (La.) _vFiction. _95597 |
|
| 655 | 7 |
_aRomantic suspense fiction. _2gsafd _95598 |
|
| 856 | 4 | 2 |
_3Contributor biographical information _uhttp://www.loc.gov/catdir/enhancements/fy1412/2001041643-b.html |
| 906 |
_a7 _bcbc _corignew _d1 _eocip _f20 _gy-gencatlg |
||
| 942 |
_2ddc _cBK |
||
| 999 |
_c331764 _d331764 |
||